000 00258nam a22001217a 4500
008 181122b xxu||||| |||| 00| 0 eng d
041 _aeng
080 _a341
100 _a14
101 _aJUR
245 _aQuntative Analysis
_cNoble.B
942 _2udc
_cBK
999 _c52413
_d52413